Southville International School and Colleges
Your cart is empty.
  • Cart
  • Lists
    Public lists Eva Luna New books Lux_list list_1
    Your lists Log in to create your own lists
  • Log in to your account
  • Your cookies
  • Search history
Southville International School and Colleges
  • Advanced search
  • Recent comments
  • Most popular
  • Libraries

Log in to your account

Log in with GOOGLE


If you do not have an external account, but do have a local account, you can still log in:

  1. Home
  2. MARC view: Basic business statistics :
Normal view MARC view ISBD view

Basic business statistics : (Record no. 276595)

[ view plain ]
MARC details
000 -LEADER
fixed length control field 00483nam a2200157 a 4500
005 - DATE AND TIME OF LATEST TRANSACTION
control field 20141022142007.0
008 - FIXED-LENGTH DATA ELEMENTS--GENERAL INFORMATION
fixed length control field 120228s19uu xx 00 eng d
050 ## - LIBRARY OF CONGRESS CALL NUMBER
Classification number CD-ROM
Item number B45 2005
100 ## - MAIN ENTRY--PERSONAL NAME
Personal name Berenson, Mark L.
245 ## - TITLE STATEMENT
Title Basic business statistics :
Remainder of title concepts and applications /
Statement of responsibility, etc Mark Berenson, David Levine, Timothy Krenbiel.
260 ## - PUBLICATION, DISTRIBUTION, ETC. (IMPRINT)
Date of publication, distribution, etc 2005.
650 ## - SUBJECT ADDED ENTRY--TOPICAL TERM
Topical term or geographic name as entry element Statistics
General subdivision Statitical methods
700 ## - ADDED ENTRY--PERSONAL NAME
Personal name Levine, David M.
700 ## - ADDED ENTRY--PERSONAL NAME
Personal name Krenbiel, Timothy
942 ## - ADDED ENTRY ELEMENTS (KOHA)
Koha item type Audio Visual Materials
Holdings
Withdrawn status Lost status Damaged status Home library Current library Shelving location Date acquired Total Checkouts Full call number Barcode Date last seen Price effective from Koha item type
      College Library College Library Audio Visual Material Section 02/28/2012   CD-ROM B45 2005 BSBA0001 04/12/2014 04/12/2014 Audio Visual Materials

Basic business statistics :

APA

Berenson M. L., Levine D. M. & Krenbiel T. (2005). Basic business statistics. : .

Chicago

Berenson Mark L, Levine David M and Krenbiel Timothy. 2005. Basic business statistics. : .

Harvard

Berenson M. L., Levine D. M. and Krenbiel T. (2005). Basic business statistics. : .

MLA

Berenson Mark L, Levine David M and Krenbiel Timothy. Basic business statistics. : . 2005.

  • Place hold
  • Print
  • Cite
  • Add to your cart (remove)
  • Save record
    BIBTEX Dublin Core MARCXML MARC (non-Unicode/MARC-8) MARC (Unicode/UTF-8) MARC (Unicode/UTF-8, Standard) MODS (XML) RIS
  • More searches
    Search for this title in:
    Other Libraries (WorldCat) Other Databases (Google Scholar) Online Stores (Bookfinder.com) Open Library (openlibrary.org)

Exporting to Dublin Core...

SOUTHVILLE LIBRARY

Southville International School and Colleges Library

1281 Tropical Ave. Cor. Luxembourg St., BF Homes International, Las Pinas City

Tel. No. 8256374 / 252358 Loc. 117/146

Powered by Koha